Представление документа в формате MARC21

Поле Инд. ПП Название Значение
Тип записи a
Библиографический уровень b
001 Контрольный номер UNIDUBNA14a478ae230649f89343caa50a101aa0
005 Дата корректировки 20230908164147.4
084 a Индекс другой классификации/Индекс ББК 88.611.9; 88.93; 74.664.6
100 1_ a Автор Миронова Е. С.
245 10 a Заглавие Становление жизнестойкости у подростков, находящихся в трудной жизненной ситуации, в условиях курса "Я - режиссер своей жизни"
520 0_ a Аннотация Как развивать в подростке качества, которые помогут справиться с жизненными проблемами? В статье речь идет о психологической помощи детям из семей, находящихся в трудной жизненной ситуации. Такие подростки испытывают дефицит ресурсов для совладания с проблемами повседневной жизни. Поскольку социальная ситуация развития у них складывается неблагоприятно, то и жизнестойкость, формирование которой происходит в детстве, у них снижена.
650 04 a Основная рубрика воспитание
a Основная рубрика педагогическая психология
a Основная рубрика практическая психология (прикладная психология)
a Основная рубрика психокоррекция
a Основная рубрика психология
a Основная рубрика социальная педагогика
653 0_ a Ключевые слова воспитание
a Ключевые слова жизнестойкость
a Ключевые слова коррекционные программы
a Ключевые слова локус контроля
a Ключевые слова подростки
a Ключевые слова психология воспитания
a Ключевые слова психолого-педагогическое сопровождение
a Ключевые слова реабилитационная работа
a Ключевые слова самооценка
a Ключевые слова совладающее поведение
a Ключевые слова социализация
a Ключевые слова социальная ситуация развития
a Ключевые слова социально-психологическое сопровождение
a Ключевые слова стрессовые ситуации
a Ключевые слова трудная жизненная ситуация
773 18 t Заглавие источника Работник социальной службы
d Дата издания источника 2022
g Прочая информация № 10. - С. 76 - 82 : диагр.
w Контрольный № источника UNIDUBNA45ee1e58fe7f4aa4a1f5faaa010db929
901 t Тип документа b